000 00309pam a2200145 a 4500
020 _c
041 _aeng
082 _a624.01
_bGKP
100 _aGKP.
245 _aCivil Engineering
_hTextual Documents
250 _a2009.
260 _aFaridabad
_bG.K.Publications
_c2009
300 _a58p.
930 _a11682
999 _c88585
_d88585